Riconosci il Pokémon - Quiz n°600 - Statistics

Statistiche generali
  • Questo quiz è stato fatto 1 volte
  • Il punteggio medio è 4 su 10
Statistiche sulle risposte
Indizio Riposta % Corretto
Tasso di cattura 45 (11.9%)
100%
Stadio evoluzione Non si evolve
100%
Tipo Normale; Lotta (Forma di Paldea Varietà Combattiva); Lotta / Fuoco (Forma di Paldea Varietà Infuocata); Lotta / Acqua (Forma di Paldea Varietà Acquatica)
100%
Generazione Prima
100%
Sesso 100% ♂
0%
Altezza 1,4 m
0%
Peso 88,4 kg; 115,0 kg (Forma di Paldea Varietà Combattiva); 85,0 kg (Forma di Paldea Varietà Infuocata); 110,0 kg (Forma di Paldea Varietà Acquatica)
0%
Abilità Forzabruta; Prepotenza (Normale; Forma di Paldea Varietà Combattiva; Forma di Paldea Varietà Infuocata; Forma di Paldea Varietà Acquatica); Grancollera (Normale; Forma di Paldea Varietà Combattiva; Forma di Paldea Varietà Infuocata; Forma di Paldea Varietà Acquatica); Ruminante (Forma di Paldea Varietà Combattiva; Forma di Paldea Varietà Infuocata; Forma di Paldea Varietà Acquatica)
0%
Tasso di allevamento Lento
0%
Pokémon Tauros
0%
Nessun quiz corrispondente trovato
Distribuzione punteggi
Percentuale di utenti per punteggio
Percentile per numero di risposta
I tuoi punteggi nel tempo
Non hai fatto questo quiz